000 00391nam a2200145Ia 4500
008 231129s1997||||xx |||||||||||||| ||spa||
020 _a958-95931-9-7
040 _bspa
082 _a780.264 P227
100 _aPareja Castro Alvaro
245 0 _aLuis Angel Moreno
260 _c1997
264 _aFederacion Nacional de Cafeteros
942 _2ddc
_cBKS
999 _c20164
_d20164